Geschichte Quiz - Statistiken

Allgemein
  • Dieses Quiz wurde 1.368 mal gespielt
  • Das Durchschnittsergebnis liegt bei 12 aus 20
Antwortstatistiken
Frage Antwort % Korrekt
Im Zuge welcher Revolution wurde Ludwig XVI. zum Tode verurteilt und hingerichtet? Französische Revolution
92%
Wer war der erste Bundeskanzler der Bundesrepublik Deutschland? Konrad Adenauer
91%
Wer gilt als Erfinder des modernen Buchdrucks mit beweglichen Metalllettern und der Druckerpresse? Johannes Gutenberg
85%
Welche ungewöhnlichen Tiere begleiteten Feldherr Hannibal über die Alpen? Elefanten
83%
Eines der sieben Weltwunder ist der Koloss von ____ ? Rhodus
83%
Wer hat die Neue Welt erkundet? Christoph Kolumbus
80%
Zwischen 1918 und 1920 starben Millionen von Menschen durch welche Grippe? Spanische
80%
Wie nannte man die Armee der Sowjetunion im 20. Jahrhundert? Rote Armee
78%
Wie heißt der Honigwein, den die Wikinger gerne tranken? Met
73%
Was kauften die USA im Jahre 1867 vom Russischen Kaiserreich? Alaska
67%
Welche Stadt war die Hauptstadt des Oströmischen Reiches? Byzanz / Konstantinopel / Istanbul
61%
Was wurde im Mittelalter zur Verhütung verwendet? Naturdarm
53%
Welcher römische Herrscher führte den Kalender so wie wir ihn heute kennen, ein? Caesar
52%
Auf welcher Burg hat sich Martin Luther versteckt? Wartburg
51%
Wer ist auch als Begründer des wissenschaftlichen Sozialismus bekannt? Karl Marx
31%
Mit welchem Schiff reisten die Pilgerväter 1620 von England nach Amerika? Mayflower
30%
Nach wem wurde Amerika benannt? Amerigo Vespucci
27%
Was war das Wunder von Bern? Deutschland gewinnt Fußball WM
26%
Wer hat im 2. Weltkrieg den Code der Deutschen Enigma entschlüsselt? Alan Turing
24%
Welches ist die älteste Zivilisation der Welt? Mesopotamien
9%
Keine übereinstimmenden Quizze gefunden
Verteilung der Resultate
Anzahl Personen mit jedem Resultat
Perzentil nach korrekt beantworteten Fragen
Ihre Resultats-Entwicklung
Sie haben dieses Quiz noch nicht gespielt